000 00753nam a22002657a 4500
001 BR2018002497
003 BR-BrBNA
005 20230928105400.0
007 ta
008 230509b bl.||||| |||| 00| 0 por d
040 _aBR-BrBNA
_bpor
_cBiblioteca Nacional de Agricultura
041 _a(Por)
072 _aF01; E16
_b0336
090 _ 0336 BR2018002497
100 1 _aGazzoni, D.L.
110 1 _aCentro Nacional de Pesquisa de Soja, Londrina, PR (Brasil)
_91793
245 1 _aA receita certa para aumentar seu lucro na cultura da soja
260 3 _aLondrina, PR (Brasil):
_cnd.
300 _a29 p.
650 _aSOJA
650 _aPRATICA CULTURAL
650 _aANALISE ECONOMICA
909 _a202309
_bLucia
_c55
_dLucia Elande
942 _cBK
999 _c84905
_d84905